[Event "CN Seniori 2011"]
[Site "Sarata Monteoru"]
[Date "2011.02.18"]
[Round "9.35"]
[White "Stegariu, Alexandru"]
[Black "Stoicescu, Horia"]
[Result "1-0"]
[WhiteElo "2053"]
[BlackElo "1875"]
[PlyCount "77"]
[EventDate "2011.02.12"]

1. d4 d5 2. c4 dxc4 3. e3 Nf6 4. Bxc4 g6 5. Nf3 Bg7 6. Nc3 O-O 7. O-O Nfd7 8.
e4 Nb6 9. Bb3 Bg4 10. d5 c6 11. h3 Bxf3 12. Qxf3 cxd5 13. exd5 N8d7 14. Bg5 h6
15. Bh4 Ne5 16. Qe2 g5 17. Bg3 Nbd7 18. Rad1 Qb6 19. Kh1 a6 20. f4 gxf4 21.
Bxf4 Rac8 22. Be3 Qb4 23. Rd4 Qd6 24. Ne4 Qg6 25. Bc2 Rxc2 26. Qxc2 Nb6 27. b3
Rc8 28. Qb1 Rd8 29. Rfd1 Nbd7 30. R4d2 b6 31. Bg1 f5 32. Nf2 Nc5 33. Bh2 Qg5
34. b4 Nc4 35. bxc5 Nxd2 36. Qd3 Ne4 37. Nxe4 fxe4 38. Qxa6 bxc5 39. Qb6 1-0

[Event "CN Seniori 2011"]
[Site "Sarata Monteoru"]
[Date "2011.02.17"]
[Round "8.24"]
[White "Florescu, Codrut-Constantin"]
[Black "Stegariu, Alexandru"]
[Result "1-0"]
[WhiteElo "2226"]
[BlackElo "2053"]
[PlyCount "67"]
[EventDate "2011.02.12"]

1. d4 Nf6 2. c4 g6 3. Nc3 Bg7 4. e4 d6 5. f3 c6 6. Be3 O-O 7. Bd3 a6 8. Nge2 b5
9. b3 Nbd7 10. O-O Bb7 11. Qd2 e5 12. d5 b4 13. Na4 c5 14. g4 Ne8 15. Ng3 Bc8
16. Kg2 Bf6 17. h4 Bxh4 18. Rh1 Bxg3 19. Kxg3 f6 20. Rh6 Rf7 21. Rah1 Nf8 22.
Nxc5 dxc5 23. Bxc5 a5 24. Bxf8 Qc7 25. d6 Nxd6 26. c5 Kxf8 27. cxd6 Qd7 28. Bc4
Rg7 29. Rxh7 Rxh7 30. Qd5 Rf7 31. Qxa8 f5 32. Bxf7 fxg4 33. Rh8+ Kg7 34. Qxc8
1-0

[Event "CN Seniori 2011"]
[Site "Sarata Monteoru"]
[Date "2011.02.17"]
[Round "7.21"]
[White "Stegariu, Alexandru"]
[Black "Hajbok, Robert"]
[Result "1/2-1/2"]
[WhiteElo "2053"]
[BlackElo "2264"]
[PlyCount "33"]
[EventDate "2011.02.12"]

1. d4 g6 2. c4 Bg7 3. Nc3 d6 4. Nf3 Nd7 5. e4 e5 6. Be2 c6 7. O-O Nh6 8. dxe5
dxe5 9. Rb1 f6 10. b4 Nf7 11. b5 c5 12. Ne1 Nf8 13. Nd5 b6 14. Nc2 Ne6 15. Bg4
Nf4 16. Bxc8 Rxc8 17. a4 1/2-1/2

[Event "CN Seniori 2011"]
[Site "Sarata Monteoru"]
[Date "2011.02.16"]
[Round "6.37"]
[White "Tiron, Lucian Ilie"]
[Black "Stegariu, Alexandru"]
[Result "0-1"]
[WhiteElo "1818"]
[BlackElo "2053"]
[PlyCount "111"]
[EventDate "2011.02.12"]

1. e4 c5 2. Nc3 e6 3. f4 d5 4. d3 dxe4 5. dxe4 Qxd1+ 6. Nxd1 Nc6 7. Nf3 Nf6 8.
Nf2 Be7 9. Bd2 O-O 10. O-O-O b6 11. Bd3 Bb7 12. c3 Rfd8 13. Kb1 Na5 14. Rhe1
Rxd3 15. Nxd3 Bxe4 16. Rxe4 Nxe4 17. Bc1 Rd8 18. Kc2 Nf6 19. Re1 Nd5 20. b3 Nc6
21. h3 Bf6 22. Bd2 g6 23. c4 Nde7 24. g4 Nd4+ 25. Nxd4 Bxd4 26. a4 Nc6 27. Bc3
Bxc3 28. Kxc3 Nd4 29. Re3 a5 30. Ne1 Kg7 31. Nd3 Nc6 32. Nf2 Nb4 33. g5 h6 34.
h4 hxg5 35. hxg5 Nc6 36. Nd3 Rh8 37. Nf2 Rh2 38. Re2 Nd4 39. Ra2 Rg2 40. Ne4
Rg1 41. Nd6 Rb1 42. Rb2 Rf1 43. Nc8 Rf3+ 44. Kd2 Kf8 45. Nxb6 Ke7 46. Nc8+ Kd8
47. Na7 Rxf4 48. Nb5 Rf2+ 49. Kc3 Ne2+ 50. Kc2 Ng3+ 51. Kc1 Rf1+ 52. Kc2 Ne4
53. Kd3 Nxg5 54. Rd2 Nf3 55. Re2 g5 56. Nc3 0-1

[Event "CN Seniori 2011"]
[Site "Sarata Monteoru"]
[Date "2011.02.15"]
[Round "5.18"]
[White "Stegariu, Alexandru"]
[Black "Stanciu, Alexandru Ovidiu"]
[Result "0-1"]
[WhiteElo "2053"]
[BlackElo "2297"]
[PlyCount "86"]
[EventDate "2011.02.12"]

1. d4 Nf6 2. c4 g6 3. Nc3 Bg7 4. e4 d6 5. Nf3 O-O 6. Be2 e5 7. O-O Nbd7 8. Re1
Re8 9. Bf1 a6 10. Rb1 exd4 11. Nxd4 c6 12. b4 Ng4 13. h3 Nge5 14. Be3 c5 15.
bxc5 dxc5 16. Nb3 Nxc4 17. Bxc4 Bxc3 18. Qd5 Qe7 19. Rec1 Bb4 20. Bg5 Qf8 21.
Qd3 Ne5 22. Qg3 Nxc4 23. Rxc4 b5 24. Rxb4 cxb4 25. e5 Be6 26. Nd2 f5 27. exf6
Bxa2 28. Rc1 Rac8 29. Rxc8 Re1+ 30. Kh2 Qxc8 31. Nf3 Re4 32. Qd6 Bf7 33. Ne5 b3
34. Nc6 b2 35. Ne7+ Rxe7 36. fxe7 Be8 37. Qd5+ Kg7 38. Qe5+ Kg8 39. Bh6 Kf7 40.
Bg5 Qf5 41. Qh8 Qxg5 42. Qf8+ Ke6 43. Qxe8 Qxe7 0-1

[Event "CN Seniori 2011"]
[Site "Sarata Monteoru"]
[Date "2011.02.14"]
[Round "3.42"]
[White "Stegariu, Alexandru"]
[Black "Fulger, Ionut-Alexandru"]
[Result "1/2-1/2"]
[WhiteElo "2053"]
[BlackElo "1826"]
[PlyCount "108"]
[EventDate "2011.02.12"]

1. d4 g6 2. c4 Bg7 3. Nc3 c5 4. Nf3 f5 5. e3 Nf6 6. Be2 O-O 7. O-O d6 8. Qc2
Nc6 9. d5 Ne5 10. b3 Nfg4 11. Bb2 Nxf3+ 12. Bxf3 Ne5 13. Be2 f4 14. exf4 Rxf4
15. f3 Qf8 16. Rae1 Bf5 17. Ne4 Bxe4 18. fxe4 Rxf1+ 19. Rxf1 Qc8 20. Qd2 Qd7
21. Qg5 Bf6 22. Qf4 Rf8 23. Bxe5 dxe5 24. Qg3 Qd8 25. Qc3 Bg7 26. Bf3 Qc7 27.
a3 b6 28. Bg4 Rxf1+ 29. Kxf1 Bf6 30. Be6+ Kh8 31. g4 h6 32. Qg3 g5 33. Qh3 Bg7
34. Qh5 Qd8 35. Qg6 Qf8+ 36. Bf5 Qg8 37. Ke2 Bf8 38. Qxg8+ Kxg8 39. Be6+ Kg7
40. b4 a5 41. bxc5 bxc5 42. Kd3 Kf6 43. Kc2 a4 44. Kc3 Bg7 45. Bd7 e6 46. Bxa4
Ke7 47. Kb3 Kd6 48. Be8 Kc7 49. Bf7 Kb6 50. Ka4 Bf8 51. dxe6 Be7 52. Kb3 Ka5
53. Kb2 Bf6 54. Kc3 Be7 1/2-1/2

[Event "CN Seniori 2011"]
[Site "Sarata Monteoru"]
[Date "2011.02.13"]
[Round "2.21"]
[White "Anton, Teodor"]
[Black "Stegariu, Alexandru"]
[Result "1-0"]
[WhiteElo "2316"]
[BlackElo "2053"]
[PlyCount "149"]
[EventDate "2011.02.12"]

1. d4 Nf6 2. Nf3 g6 3. e3 Bg7 4. Bd3 O-O 5. O-O d6 6. Nbd2 Nbd7 7. e4 e5 8. c3
c5 9. dxe5 Nxe5 10. Nxe5 dxe5 11. Nc4 Qc7 12. a4 b6 13. Qc2 Bb7 14. f3 a6 15.
Qb3 Nd7 16. Ne3 Bc6 17. Bc4 Nf6 18. Rd1 Qb7 19. Nd5 b5 20. Bg5 Nxd5 21. Bxd5 c4
22. Qc2 Bxd5 23. Rxd5 bxa4 24. Rxa4 Rab8 25. Rxc4 Qb6+ 26. Kf1 Qxb2 27. Qxb2
Rxb2 28. Be7 Rfb8 29. Rb4 R2xb4 30. Bxb4 Rc8 31. Ke2 Bf8 32. Rxe5 Bxb4 33. cxb4
Rc2+ 34. Kf1 Rb2 35. Ra5 Rxb4 36. Rxa6 Rb2 37. h4 h5 38. Ra1 Kg7 39. Re1 Kf6
40. Re2 Rb6 41. Kf2 Ke6 42. Rd2 f5 43. Ke3 fxe4 44. fxe4 Kf6 45. Kf4 Rb4 46.
Rd6+ Kf7 47. Ra6 Rc4 48. Ke5 Rc5+ 49. Kf4 Rc2 50. g3 Rf2+ 51. Kg5 Rf3 52. Ra7+
Ke6 53. Kxg6 Rxg3+ 54. Kxh5 Re3 55. Ra4 Rg3 56. Ra8 Ke7 57. Ra5 Re3 58. e5 Rg3
59. Kh6 Ke6 60. h5 Rg1 61. Kh7 Rg2 62. h6 Rg5 63. Kh8 Rg2 64. h7 Rg3 65. Ra8
Kf7 66. Ra6 Rg5 67. Ra7+ Kf8 68. e6 Rg2 69. Rf7+ Ke8 70. Rg7 Rf2 71. Rg8+ Ke7
72. Kg7 Rg2+ 73. Kh6 Rh2+ 74. Kg6 Rg2+ 75. Kf5 1-0

[Event "GRAND PRIX BALCANI - Festivalul Interna"]
[Site "?"]
[Date "2010.08.25"]
[Round "?"]
[White "Stegariu, Alexandru"]
[Black "Axinte, Stefan"]
[Result "1-0"]
[WhiteElo "2029"]
[BlackElo "1897"]
[PlyCount "33"]
[EventDate "2010.??.??"]

1. d4 d6 2. Nf3 Nd7 3. c4 e5 4. Nc3 Ngf6 5. e4 Be7 6. Be2 O-O 7. O-O c6 8. Re1
a6 9. a4 Qc7 10. Bf1 Re8 11. a5 Nf8 12. d5 Ng6 13. dxc6 bxc6 14. Qa4 c5 15. Nd5
Nxd5 16. Qxe8+ Bf8 17. cxd5 1-0

[Event "GRAND PRIX BALCANI - Festivalul Interna"]
[Site "?"]
[Date "2010.08.24"]
[Round "?"]
[White "Strugari, Vasile"]
[Black "Stegariu, Alexandru"]
[Result "1/2-1/2"]
[WhiteElo "1918"]
[BlackElo "2029"]
[PlyCount "84"]
[EventDate "2010.??.??"]

1. d4 Nf6 2. c4 g6 3. Nf3 Bg7 4. g3 O-O 5. Bg2 d6 6. Nc3 Nbd7 7. O-O e5 8. h3
a6 9. Rb1 Re8 10. e4 b5 11. cxb5 axb5 12. b4 Bb7 13. Re1 d5 14. exd5 Nxd5 15.
Nxd5 Bxd5 16. dxe5 Nxe5 17. Nxe5 Bxg2 18. Qxd8 Raxd8 19. Kxg2 Bxe5 20. Bb2 Bd6
21. a3 Rxe1 22. Rxe1 f5 23. g4 Kf7 24. Kf3 fxg4+ 25. hxg4 h5 26. Rh1 Rf8 27.
gxh5 gxh5 28. Ke3 Kg6 29. Rg1+ Kh7 30. Bd4 Ra8 31. Rg5 Rxa3+ 32. Ke4 h4 33.
Rxb5 h3 34. f4 Kg6 35. Rg5+ Kf7 36. Bc5 Bxc5 37. bxc5 c6 38. Rh5 Kg6 39. Rh8
Kf6 40. Rh6+ Kg7 41. Rh4 Kf6 42. Rh6+ Kg7 1/2-1/2

[Event "GRAND PRIX BALCANI - Festivalul Interna"]
[Site "?"]
[Date "2010.08.23"]
[Round "?"]
[White "Stegariu, Alexandru"]
[Black "Ursente, Tudor Alexandru"]
[Result "1/2-1/2"]
[WhiteElo "2029"]
[BlackElo "1935"]
[PlyCount "43"]
[EventDate "2010.??.??"]

1. d4 d5 2. c4 c6 3. Nc3 Nf6 4. Nf3 h6 5. cxd5 Nxd5 6. e4 Nxc3 7. bxc3 Bg4 8.
Qb3 Qb6 9. Qxb6 axb6 10. Bc4 Bxf3 11. gxf3 e6 12. Rg1 g6 13. Be3 Nd7 14. Ke2
Ba3 15. Rab1 Bd6 16. f4 Ra5 17. f5 gxf5 18. e5 Be7 19. Rg3 b5 20. Bb3 Bg5 21.
h4 Bxe3 22. fxe3 1/2-1/2

[Event "GRAND PRIX BALCANI - Festivalul Interna"]
[Site "?"]
[Date "2010.08.22"]
[Round "?"]
[White "Culiuc, Maxim"]
[Black "Stegariu, Alexandru"]
[Result "0-1"]
[WhiteElo "1738"]
[BlackElo "2029"]
[PlyCount "128"]
[EventDate "2010.??.??"]

1. e4 c5 2. Nf3 e6 3. d4 cxd4 4. Nxd4 a6 5. Nc3 Qc7 6. a3 Nf6 7. Be3 Be7 8. Be2
d6 9. O-O Nc6 10. Qd2 O-O 11. Rad1 Ne5 12. f4 Neg4 13. Nb3 Nxe3 14. Qxe3 b5 15.
Bf3 Bb7 16. e5 dxe5 17. Bxb7 Qxb7 18. Qxe5 Qb6+ 19. Kh1 Ng4 20. Qd4 Qxd4 21.
Rxd4 Ne3 22. Rf2 Bf6 23. Rd7 Nc4 24. Rf3 Nxb2 25. Ne4 Bd8 26. Rb7 Nc4 27. Nbc5
Na5 28. Rd7 Bb6 29. Rg3 Rfd8 30. Nxe6 Rxd7 31. Nf6+ Kh8 32. Nxd7 Re8 33. f5 Bd4
34. Rd3 Bb2 35. Rd6 fxe6 36. fxe6 Bxa3 37. Rxa6 Nc4 38. h3 h6 39. g4 Bd6 40.
Nb6 Nxb6 41. Rxb6 Rxe6 42. Rxb5 Re1+ 43. Kg2 Re2+ 44. Kf3 Rxc2 45. h4 Rc5 46.
Rb3 Be7 47. h5 Kg8 48. Rb7 Kf7 49. Rb6 Rc4 50. Ra6 Bf6 51. Rb6 Rd4 52. Ra6 Be7
53. Ra7 Ke6 54. Ra6+ Bd6 55. g5 hxg5 56. Ra5 Rf4+ 57. Ke3 Rf5 58. Ra6 g4 59.
Ra4 g3 60. Rg4 Be5 61. Ke4 Rf4+ 62. Rxf4 Bxf4 63. Kf3 Kf5 64. Kg2 Kg4 0-1

[Event "GRAND PRIX BALCANI - Festivalul Interna"]
[Site "?"]
[Date "2010.08.21"]
[Round "?"]
[White "Pavel, Sebastian Ionut"]
[Black "Stegariu, Alexandru"]
[Result "0-1"]
[WhiteElo "1737"]
[BlackElo "2029"]
[PlyCount "100"]
[EventDate "2010.??.??"]

1. e4 c5 2. Nf3 e6 3. d4 cxd4 4. Nxd4 a6 5. Bd3 Bc5 6. Nb3 Ba7 7. Qg4 Nf6 8.
Qg3 d6 9. Nc3 Nc6 10. Bg5 h6 11. Bd2 Nh5 12. Qf3 Qh4 13. g3 Ne5 14. Qe2 Qg4 15.
O-O-O Nf6 16. Bf4 Qxe2 17. Bxe2 g5 18. Bxe5 dxe5 19. f3 b5 20. Rd6 Ke7 21. Rhd1
Bd4 22. Nxd4 Kxd6 23. Ndxb5+ Ke7 24. Nd6 Rd8 25. Nxc8+ Rdxc8 26. Na4 Rc6 27. b3
Rd8 28. Rxd8 Kxd8 29. Nb2 Nd7 30. Nc4 Kc7 31. Kb2 f6 32. b4 Nb6 33. Nxb6 Kxb6
34. Kb3 Rd6 35. Bd3 h5 36. h3 f5 37. exf5 exf5 38. Bxf5 Rd2 39. Bg6 Rh2 40. Bf5
Rg2 41. Kc4 Rxg3 42. Kd5 Rxf3 43. Kxe5 Kb5 44. Ke4 Rf4+ 45. Ke5 Kxb4 46. Bg6
Rh4 47. Kf5 Rxh3 48. Kxg5 h4 49. Bf5 Rh2 50. Kg4 a5 0-1

[Event "GRAND PRIX BALCANI - Festivalul Interna"]
[Site "?"]
[Date "2010.08.20"]
[Round "?"]
[White "Balacianu, Alexandru George"]
[Black "Stegariu, Alexandru"]
[Result "0-1"]
[WhiteElo "1661"]
[BlackElo "2029"]
[PlyCount "56"]
[EventDate "2010.??.??"]

1. d4 Nf6 2. Nf3 g6 3. Bf4 Bg7 4. h3 O-O 5. e3 d6 6. Be2 Nbd7 7. O-O c5 8. c3
a6 9. a4 b6 10. Nfd2 Bb7 11. Bf3 Bxf3 12. Nxf3 b5 13. axb5 axb5 14. Rxa8 Qxa8
15. dxc5 Nxc5 16. Na3 Qb7 17. Nc2 Na4 18. Qc1 Nd5 19. Bg3 b4 20. Nxb4 Nxb4 21.
cxb4 Qxb4 22. Qc7 Bf6 23. Rc1 Nxb2 24. Bf4 Nd3 25. Rc4 Qb1+ 26. Kh2 Nxf4 27.
Rxf4 Qb2 28. Nd4 Be5 0-1

[Event "GRAND PRIX BALCANI - Festivalul Interna"]
[Site "?"]
[Date "2010.08.20"]
[Round "?"]
[White "Stegariu, Alexandru"]
[Black "Pessi, Emil George"]
[Result "0-1"]
[WhiteElo "2029"]
[BlackElo "2232"]
[PlyCount "110"]
[EventDate "2010.??.??"]

1. d4 Nf6 2. c4 g6 3. Nc3 Bg7 4. e4 d6 5. Nf3 O-O 6. Be2 Re8 7. O-O Nc6 8. d5
Nb8 9. Be3 e6 10. dxe6 Bxe6 11. Nd4 Bd7 12. f3 Nc6 13. Nc2 b6 14. Qd2 Qe7 15.
Rfe1 Qf8 16. Bf1 h5 17. Nb5 Rac8 18. Ncd4 Nxd4 19. Bxd4 a6 20. Nc3 c5 21. Be3
Bc6 22. Rad1 Re6 23. Nd5 Bxd5 24. cxd5 Re7 25. Bxa6 Ra8 26. Bc4 b5 27. Bxb5
Rxa2 28. Bc4 Ra4 29. b3 Ra8 30. Bf4 Rea7 31. e5 Nd7 32. exd6 Bd4+ 33. Kh1 Qg7
34. Qd3 Qf6 35. Qe4 Bc3 36. Bd2 Be5 37. Bb5 Bxd6 38. Bxd7 Rxd7 39. Qc4 Rb8 40.
Re4 Rdb7 41. Bc3 Qf5 42. Rb1 g5 43. Rbe1 Rxb3 44. Re8+ Bf8 45. Rxb8 Rxb8 46.
Qe4 Qxe4 47. fxe4 Rb3 48. Bf6 c4 49. g3 Ba3 50. Re2 c3 51. Rc2 Rb1+ 52. Kg2 Rb2
53. Rxb2 cxb2 54. Bxb2 Bxb2 55. Kf3 Be5 0-1

[Event "GRAND PRIX BALCANI - Festivalul Interna"]
[Site "?"]
[Date "2010.08.19"]
[Round "?"]
[White "Stegariu, Alexandru"]
[Black "Zacordonet, Dan"]
[Result "1/2-1/2"]
[WhiteElo "2029"]
[BlackElo "1632"]
[PlyCount "110"]
[EventDate "2010.??.??"]

1. d4 Nf6 2. c4 g6 3. Nc3 Bg7 4. e4 d6 5. Nf3 O-O 6. Be2 Nbd7 7. O-O e5 8. Re1
Re8 9. Bf1 a6 10. Rb1 Rb8 11. d5 h6 12. b4 b6 13. Nd2 Nh7 14. Nb3 Kh8 15. Be3
Rf8 16. Qd2 g5 17. g4 Ndf6 18. f3 Rg8 19. c5 bxc5 20. bxc5 Bf8 21. c6 h5 22. h3
hxg4 23. hxg4 Rg6 24. Na5 Rxb1 25. Rxb1 Bxg4 26. fxg4 Nxg4 27. Ne2 Nxe3 28.
Qxe3 g4 29. Ng3 Ng5 30. Bg2 Nh3+ 31. Kf1 Bh6 32. Qa7 Qh4 33. Nf5 Rf6 34. Nc4 g3
35. Ke1 Rxf5 36. exf5 Qxc4 37. Rb8+ Kg7 38. Bxh3 Qc1+ 39. Ke2 Qd2+ 40. Kf3 Qd3+
41. Kg4 Qe2+ 42. Kh4 Qe4+ 43. Kxg3 Bf4+ 44. Kf2 Qc2+ 45. Kg1 Qh2+ 46. Kf1 Qxh3+
47. Ke2 Qg4+ 48. Ke1 Bg3+ 49. Kd2 Bf4+ 50. Ke1 Qh4+ 51. Ke2 Qg4+ 52. Ke1 Bg3+
53. Kd2 Qg5+ 54. Ke2 Qg4+ 55. Kd2 Bf4+ 1/2-1/2

[Event "Festiv.  Int. de Sah Eforie 2010"]
[Site "Eforie Nord 2010"]
[Date "2010.06.18"]
[Round "1.3"]
[White "Stegariu, Alexandru"]
[Black "Chatalbashev, Boris"]
[Result "0-1"]
[WhiteElo "2089"]
[BlackElo "2593"]
[Annotator ",alex"]
[PlyCount "68"]
[EventDate "2010.??.??"]
[TimeControl "5400"]

1. d4 Nf6 2. c4 e6 3. Nf3 Bb4+ 4. Nbd2 O-O 5. e3 d5 6. Be2 b6 7. O-O a5 8. Ne5
Bd6 9. f4 c5 10. b3 cxd4 11. exd4 Bb7 12. Bb2 Nc6 13. Rc1 Rc8 14. Nd3 Nb4 15.
a3 Nxd3 16. Bxd3 Qe7 17. a4 Ba3 18. Qc2 Bxb2 19. Qxb2 Qb4 20. Qc3 Qxc3 21. Rxc3
dxc4 22. Rxc4 Rcd8 23. Rc7 Ba8 24. Rc4 Nd5 25. Rf3 g6 26. Be4 f5 27. Bb1 b5 28.
Rc5 bxa4 29. Rxa5 axb3 30. Nxb3 Rb8 31. Ra3 Rfc8 32. Rf1 Rc3 33. Ba2 Nb4 34.
Bb1 Bd5 0-1

[Event "baieti 18 ani"]
[Site "Voineasa"]
[Date "2010.04.14"]
[Round "9.6"]
[White "Stegariu, Alexandru"]
[Black "Nedelcu, Ionut"]
[Result "1-0"]
[WhiteElo "2058"]
[BlackElo "1892"]
[PlyCount "71"]
[EventDate "2010.??.??"]

1. d4 Nf6 2. c4 g6 3. Nc3 d5 4. Bf4 Bg7 5. Nf3 O-O 6. e3 c5 7. Be2 Nc6 8. O-O
dxc4 9. Bxc4 a6 10. a4 cxd4 11. exd4 Bg4 12. d5 Bxf3 13. Qxf3 Nd4 14. Qd3 Nd7
15. Rad1 Rc8 16. Ba2 Qb6 17. Rd2 Qf6 18. Qe3 Nf5 19. Qh3 g5 20. Ne4 Qg6 21.
Nxg5 h6 22. Nf3 Nc5 23. Bb1 e6 24. Nh4 Qf6 25. Nxf5 exf5 26. Qxf5 Qxf5 27. Bxf5
Nb3 28. Rd3 Nd4 29. Bxc8 Ne2+ 30. Kh1 Nxf4 31. Rf3 Rxc8 32. Rxf4 Bxb2 33. Rb4
Be5 34. Rxb7 Bd4 35. d6 Bxf2 36. d7 1-0

[Event "baieti 18 ani"]
[Site "Voineasa"]
[Date "2010.04.13"]
[Round "8.6"]
[White "Vezeteu, Daniel"]
[Black "Stegariu, Alexandru"]
[Result "1/2-1/2"]
[WhiteElo "2024"]
[BlackElo "2058"]
[PlyCount "32"]
[EventDate "2010.??.??"]

1. d4 Nf6 2. c4 g6 3. Nf3 Bg7 4. g3 c5 5. Bg2 cxd4 6. Nxd4 O-O 7. Nc3 Nc6 8.
O-O Nxd4 9. Qxd4 d6 10. Rd1 a6 11. b3 Ne4 12. Qxe4 Bxc3 13. Bh6 Bxa1 14. Bxf8
Bf6 15. Bh6 Qa5 16. h4 Qc7 1/2-1/2

[Event "baieti 18 ani"]
[Site "Voineasa"]
[Date "2010.04.12"]
[Round "7.1"]
[White "Dragomirescu, Robin Alexandru"]
[Black "Stegariu, Alexandru"]
[Result "1-0"]
[WhiteElo "2372"]
[BlackElo "2058"]
[PlyCount "49"]
[EventDate "2010.??.??"]

1. e4 c5 2. Nf3 e6 3. d4 cxd4 4. Nxd4 a6 5. Bd3 Bc5 6. Nb3 Ba7 7. Qg4 Nf6 8.
Qg3 d6 9. Nc3 Nc6 10. Bg5 Ne5 11. Be2 b5 12. f4 Ng6 13. e5 dxe5 14. fxe5 h6 15.
exf6 hxg5 16. fxg7 Rg8 17. Rd1 Qb6 18. Ne4 Rxg7 19. Qxg5 f5 20. Rd6 Qc7 21. Bh5
fxe4 22. Bxg6+ Rxg6 23. Qxg6+ Ke7 24. Rd2 Qe5 25. Rf1 1-0

[Event "baieti 18 ani"]
[Site "Voineasa"]
[Date "2010.04.11"]
[Round "6.4"]
[White "Stegariu, Alexandru"]
[Black "Hajbok, Robert"]
[Result "1/2-1/2"]
[WhiteElo "2058"]
[BlackElo "2280"]
[PlyCount "80"]
[EventDate "2010.??.??"]

1. d4 Nf6 2. Nf3 c5 3. d5 b5 4. c4 bxc4 5. Nc3 d6 6. e4 Nbd7 7. Bxc4 g6 8. O-O
Bg7 9. h3 O-O 10. Re1 Ne8 11. Bf4 Rb8 12. Qd2 f6 13. Qc2 Qb6 14. Rab1 Ba6 15.
Nd2 Ne5 16. b3 Nc7 17. Bg3 Nxc4 18. bxc4 Qa5 19. Rxb8 Rxb8 20. Rb1 Rb4 21. Rxb4
Qxb4 22. Nd1 Bc8 23. Qc3 Qb6 24. Qb3 Bd7 25. f4 Na6 26. Qxb6 axb6 27. Nc3 Nb4
28. Kf1 Kf7 29. Ke2 Nc2 30. Kd3 Nb4+ 31. Ke2 Nc2 32. Kd3 Nd4 33. Nb3 Nxb3 34.
axb3 Ke8 35. Na4 Bxa4 36. bxa4 Kd7 37. Be1 Bh6 38. g3 Bg7 39. g4 Bh6 40. f5 Bf4
1/2-1/2

[Event "baieti 18 ani"]
[Site "Voineasa"]
[Date "2010.04.11"]
[Round "5.2"]
[White "Stegariu, Alexandru"]
[Black "Stanciu, Alexandru Ovidiu"]
[Result "0-1"]
[WhiteElo "2058"]
[BlackElo "2203"]
[PlyCount "54"]
[EventDate "2010.??.??"]

1. d4 Nf6 2. c4 e6 3. Nf3 b6 4. e3 Bb7 5. Bd3 d5 6. Nc3 Bd6 7. O-O O-O 8. b3 a6
9. a4 Qe7 10. Bb2 Nbd7 11. a5 Rfc8 12. Qe2 Bb4 13. axb6 cxb6 14. Rfc1 Ne4 15.
Qc2 f5 16. Nd2 Ndf6 17. f3 Ng5 18. Na4 Nd7 19. Qd1 g6 20. Nb1 e5 21. dxe5 Nxe5
22. f4 Ng4 23. Bd4 Ne6 24. Bxb6 d4 25. exd4 Ne3 26. Bc5 Nxc5 27. Qe2 Nxb3 0-1

[Event "Baieti 18 ani"]
[Site "?"]
[Date "2010.04.10"]
[Round "?"]
[White "Chirita Mihaila, Marius Constantin"]
[Black "Stegariu, Alexandru"]
[Result "1/2-1/2"]
[WhiteElo "2137"]
[BlackElo "2058"]
[PlyCount "29"]
[EventDate "2010.??.??"]

1. c4 c5 2. g3 g6 3. Bg2 Bg7 4. Nc3 Nc6 5. e4 e6 6. Nge2 Nge7 7. d3 O-O 8. h4
h5 9. g4 hxg4 10. h5 Ne5 11. h6 Bf6 12. Bf4 N7c6 13. Kf1 Kh7 14. a3 d6 15. Rb1
1/2-1/2

[Event "baieti 18 ani"]
[Site "Voineasa"]
[Date "2010.04.09"]
[Round "2.2"]
[White "Petrisor, Adrian-Marian"]
[Black "Stegariu, Alexandru"]
[Result "1/2-1/2"]
[WhiteElo "2351"]
[BlackElo "2058"]
[PlyCount "97"]
[EventDate "2010.??.??"]

1. e4 c5 2. Nf3 e6 3. d4 cxd4 4. Nxd4 a6 5. Nc3 Qc7 6. Qf3 Nf6 7. Bg5 Be7 8.
O-O-O d6 9. Qg3 Nbd7 10. f4 O-O 11. Be2 b5 12. Bf3 Bb7 13. e5 dxe5 14. fxe5 Nd5
15. Bxd5 Bxg5+ 16. Qxg5 Bxd5 17. Nxd5 exd5 18. e6 Qe5 19. Qxe5 Nxe5 20. Rhe1 f6
21. Nf3 Nxf3 22. gxf3 Rfd8 23. e7 Re8 24. Rxd5 Ra7 25. a4 bxa4 26. Ra5 Kf7 27.
Rxa4 Rexe7 28. Rxe7+ Kxe7 29. Kd2 g5 30. c4 Rc7 31. Kc3 Rc6 32. b4 h5 33. c5
Re6 34. Kd4 Kd7 35. Ra2 Kc7 36. Kc4 Kd7 37. b5 axb5+ 38. Kxb5 f5 39. Ra7+ Kc8
40. Rh7 h4 41. f4 gxf4 42. Rxh4 f3 43. Rf4 Rh6 44. Rxf5 Rxh2 45. Kb6 Rc2 46.
Kc6 Kd8 47. Rf8+ Ke7 48. Rf4 Ke6 49. Rf8 1/2-1/2

[Event "baieti 18 ani"]
[Site "Voineasa"]
[Date "2010.04.08"]
[Round "1.7"]
[White "Stegariu, Alexandru"]
[Black "Petre, Ioan Radu"]
[Result "1-0"]
[WhiteElo "2058"]
[BlackElo "1820"]
[PlyCount "55"]
[EventDate "2010.??.??"]

1. d4 d5 2. c4 e6 3. Nc3 Bb4 4. cxd5 Bxc3+ 5. bxc3 exd5 6. Nf3 Nf6 7. Ba3 Ne4
8. Qb3 c6 9. e3 b5 10. Bd3 Bf5 11. Bxe4 Bxe4 12. O-O Nd7 13. Nd2 Qg5 14. Nxe4
dxe4 15. c4 h5 16. cxb5 cxb5 17. Rac1 Rh6 18. Qc2 f5 19. Qb3 Rf6 20. Qxb5 Rg6
21. g3 h4 22. Qd5 Rb8 23. Qg8+ Nf8 24. Qxf8+ Kd7 25. Qf7+ Kd8 26. Qc7+ Ke8 27.
Qxb8+ Kf7 28. Rc7+ 1-0

[Event "CAMPIONATUL NATIONAL INDIVIDUA"]
[Site "BAILE OLANESTI"]
[Date "2010.02.07"]
[Round "9.38"]
[White "Martian, Dragos Daniel"]
[Black "Stegariu, Alexandru"]
[Result "0-1"]
[WhiteElo "1867"]
[BlackElo "2042"]
[PlyCount "86"]
[EventDate "2010.01.31"]

1. e4 c5 2. Nf3 e6 3. d4 cxd4 4. Nxd4 a6 5. c4 Nf6 6. Nc3 d6 7. Be2 Be7 8. O-O
O-O 9. Be3 Qc7 10. Rc1 Nbd7 11. f4 b6 12. Bf3 Bb7 13. f5 e5 14. Nd5 Qd8 15. Ne2
Nxd5 16. cxd5 a5 17. Ng3 Nc5 18. Qd2 Ba6 19. Be2 Bh4 20. Bxa6 Bxg3 21. hxg3
Rxa6 22. Qe2 Ra7 23. f6 Nxe4 24. fxg7 Re8 25. Qg4 Nc5 26. Bg5 Qd7 27. Qh5 Ne4
28. Bh4 Qb5 29. Rcd1 Qxb2 30. Rf5 Qxa2 31. Qh6 Qe2 32. Rh5 Qxd1+ 33. Kh2 Nf6
34. Bxf6 Qd3 35. Qg5 a4 36. Qh4 a3 37. g4 a2 38. Rf5 Qxf5 39. gxf5 a1=Q 40. Bg5
Qd4 41. Qh6 Ra1 42. Be3 Qg4 43. Qxd6 Qh4# 0-1

[Event "CAMPIONATUL NATIONAL INDIVIDUA"]
[Site "BAILE OLANESTI"]
[Date "2010.02.05"]
[Round "7.37"]
[White "Stegariu, Alexandru"]
[Black "Toculet, Gheorghe-Cristache"]
[Result "1-0"]
[WhiteElo "2042"]
[BlackElo "1900"]
[Annotator ",alex"]
[PlyCount "105"]
[EventDate "2010.01.31"]

1. d4 Nf6 2. c4 g6 3. Nc3 Bg7 4. e4 d6 5. Nf3 O-O 6. Be2 Nc6 7. d5 Nb8 8. O-O
Nbd7 9. Be3 e5 10. Ne1 Ne8 11. Nd3 f5 12. f3 f4 13. Bf2 Ndf6 $11 14. c5 Bd7 15.
Qb3 Rb8 16. cxd6 cxd6 17. Bxa7 Ra8 18. Qxb7 Nc7 19. Bf2 Qe7 20. Qb3 Nh5 21. Qc2
Qg5 22. Rfb1 Bh3 23. Bf1 Bd7 24. Ne2 Rfc8 25. Qd2 Nb5 26. a4 Nd4 27. Nxd4 exd4
28. a5 Nf6 29. b4 h5 30. Qxf4 Qxf4 31. Nxf4 Ne8 32. b5 d3 33. Ra2 Rc2 34. Rxc2
dxc2 35. Rc1 Rxa5 36. Rxc2 Ra1 37. b6 Bb5 38. Ne2 Rb1 39. Rc1 Rb2 40. Ng3 h4
41. Nh1 Bh6 42. Ra1 Bg7 43. Bxb5 Rxb5 44. Rd1 g5 45. g3 h3 46. Be3 Rb2 47. Nf2
Re2 48. Rb1 Rxe3 49. b7 Bd4 50. b8=Q Kf8 51. Qc8 Rxf3 52. Rf1 g4 53. Qxg4 1-0

[Event "CAMPIONATUL NATIONAL INDIVIDUA"]
[Site "BAILE OLANESTI"]
[Date "2010.02.04"]
[Round "6.21"]
[White "Breahna, Radu"]
[Black "Stegariu, Alexandru"]
[Result "1-0"]
[WhiteElo "2288"]
[BlackElo "2042"]
[PlyCount "117"]
[EventDate "2010.01.31"]

1. d4 d6 2. c4 Nd7 3. e4 e5 4. d5 g6 5. Nc3 Bg7 6. Bd3 Ne7 7. Be3 O-O 8. Nge2
f5 9. f3 Nf6 10. h3 f4 11. Bf2 Nh5 12. Qd2 Kh8 13. O-O-O Ng8 14. c5 Bf6 15.
cxd6 cxd6 16. Kb1 Bh4 17. Bxh4 Qxh4 18. Nb5 Qe7 19. Rc1 Bd7 20. Rc7 a6 21. Na3
b5 22. Qa5 Rfb8 23. Nc1 Nhf6 24. Nc2 Ne8 25. Rc3 Qd8 26. Nb3 Qg5 27. Bf1 Qd8
28. Nb4 Ne7 29. Bd3 Qb6 30. Qxb6 Rxb6 31. Na5 Kg7 32. Rhc1 Kf6 33. Ra3 Kf7 34.
Rb3 Kf6 35. Nc2 Rab8 36. Rb4 Nc8 37. Ne1 Na7 38. Rc3 Ke7 39. Nc2 Kd8 40. Kc1 g5
41. Kd2 h5 42. Rbb3 h4 43. Nb4 Ke7 44. Ra3 Kd8 45. Nb3 Nc7 46. Rxc7 Kxc7 47.
Nxa6+ Kb7 48. Nac5+ dxc5 49. Nxc5+ Kc8 50. Rxa7 Rd6 51. a3 b4 52. a4 Rbb6 53.
a5 Rb8 54. Ba6+ Rxa6 55. Rxa6 Bb5 56. Rb6 Bf1 57. Rxb8+ Kxb8 58. d6 Bb5 59. a6
1-0